Applications of research from the U.S. Geological Survey program, assessment of regional earthquake hazards and risk along the Wasatch Front, Utah /

Bibliographic Details
Corporate Author: Geological Survey (U.S.)
Other Authors: Gori, Paula
Format: Government Document Book
Language:English
Published: Washington : U.S. G.P.O. ; 1993.
Series:U.S. Geological Survey professional paper ; 1519.
Subjects:

MARC

Tag First Indicator Second Indicator Subfields
LEADER 00000cam a2200000 a 4500
001 in00001159613
005 20151001060426.0
008 910502s1993 vauab b f000 0 eng
010 |a gp 93085193  
010 |a  91004180  
035 |a (OCoLC)23766623 
035 |9 AGC9255AM 
040 |d GPO  |d DLC  |d UtOrBLW 
043 |a n-us-id  |a n-us-ut 
050 0 0 |a QE535.2.U6  |b A66 1993 
074 |a 0624 
082 0 0 |a 551.2/2/09792201  |2 20 
086 0 |a I 19.16:1519 
092 |a 551.22  |b App 
245 0 0 |a Applications of research from the U.S. Geological Survey program, assessment of regional earthquake hazards and risk along the Wasatch Front, Utah /  |c edited by Paula L. Gori. 
264 1 |a Washington :  |b U.S. G.P.O. ;  |c 1993. 
264 2 |a Denver, CO :  |b For sale by U.S. Geological Survey, Map Distribution, 
300 |a vii, 167 pages :  |b illustrations, maps ;  |c 29 cm. 
336 |a text  |b txt  |2 rdacontent 
337 |a unmediated  |b n  |2 rdamedia 
338 |a volume  |b nc  |2 rdacarrier 
490 1 |a U.S. Geological Survey professional paper ;  |v 1519 
500 |a Spine title: Applications of research, Wasatch Front, Utah. 
500 |a Shipping list number: 93-0415-P. 
504 |a Includes bibliographical references. 
650 0 |a Earthquake hazard analysis  |z Wasatch Range (Utah and Idaho) 
650 0 |a Seismology  |z Wasatch Range (Utah and Idaho) 
650 0 |a Natural disasters  |z Utah. 
650 0 |a Faults (Geology)  |z Wasatch Range (Utah and Idaho) 
650 0 |a Geology, Stratigraphic. 
650 0 |a Geology  |z Wasatch Range (Utah and Idaho) 
700 1 |a Gori, Paula. 
710 2 |a Geological Survey (U.S.) 
740 0 |a Applications of research, Wasatch Front, Utah. 
830 0 |a U.S. Geological Survey professional paper ;  |v 1519. 
999 |a MARS 
999 f f |s 825b1825-53ca-3997-b594-58d658f59738  |i a9cf6b34-7888-3106-964a-91e775888056  |t 0 
952 f f |p normal  |a Texas A&M University  |b College Station  |c Sterling C. Evans Library  |d Evans: US Documents (Annex 5th floor)  |t 0  |e I 19.16:1519  |h Superintendent of Documents classification  |i unmediated -- volume  |m A14818271662 
952 f f |a Texas A&M University  |b College Station  |c Sterling C. Evans Library  |d Halbouty Reading Rm (Halbouty Bldg 173) (Does not check out)  |t 0  |e 551.22 App  |h Dewey Decimal classification 
998 f f |a 551.22 App  |t 0  |l Halbouty Reading Rm (Halbouty Bldg 173) (Does not check out) 
998 f f |a I 19.16:1519  |t 0  |l Evans: US Documents (Annex 5th floor)